Physics of atoms and ions (Record no. 15066)

MARC details
000 -LEADER
fixed length control field 00641nam a2200229Ia 4500
003 - CONTROL NUMBER IDENTIFIER
control field IN-BaIIA
008 - FIXED-LENGTH DATA ELEMENTS--GENERAL INFORMATION
fixed length control field 211028s9999 xx 000 0 eng d
020 ## - INTERNATIONAL STANDARD BOOK NUMBER
International Standard Book Number 0-387-9550-X
040 ## - CATALOGING SOURCE
Transcribing agency IIA Library
080 ## - UNIVERSAL DECIMAL CLASSIFICATION NUMBER
Universal Decimal Classification number 539.186
Item number SMI
100 ## - MAIN ENTRY--PERSONAL NAME
Personal name Smirnov, B. M
9 (RLIN) 14095
245 #0 - TITLE STATEMENT
Title Physics of atoms and ions
Statement of responsibility, etc. B. M. Smirnov
260 ## - PUBLICATION, DISTRIBUTION, ETC.
Place of publication, distribution, etc. New York
Name of publisher, distributor, etc. Springer-Verlag
Date of publication, distribution, etc. 2003
300 ## - PHYSICAL DESCRIPTION
Extent xiii, 442p.
490 ## - SERIES STATEMENT
Series statement Graduate texts in contemporary physics
650 ## - SUBJECT ADDED ENTRY--TOPICAL TERM
Topical term or geographic name entry element Atomic collisions
9 (RLIN) 1546
650 ## - SUBJECT ADDED ENTRY--TOPICAL TERM
Topical term or geographic name entry element Atomic particles
9 (RLIN) 27436
650 ## - SUBJECT ADDED ENTRY--TOPICAL TERM
Topical term or geographic name entry element Atomic physics
9 (RLIN) 1547
650 ## - SUBJECT ADDED ENTRY--TOPICAL TERM
Topical term or geographic name entry element Hydrogen atom
9 (RLIN) 27437
650 ## - SUBJECT ADDED ENTRY--TOPICAL TERM
Topical term or geographic name entry element Ions
9 (RLIN) 17672
942 ## - ADDED ENTRY ELEMENTS (KOHA)
Koha item type Books
Holdings
Withdrawn status Lost status Damaged status Not for loan Home library Current library Shelving location Date acquired Source of acquisition Cost, normal purchase price Total Checkouts Full call number Barcode Date last seen Cost, replacement price Price effective from Koha item type Purchase Price
        IIA Library-Bangalore IIA Library-Bangalore General Stacks 06/05/2003 EDS 4063.86   539.186/ SMI 15988 05/11/2021 4063.86 06/05/2003 Books Rs. 4063.86

Powered by Koha